Разработка программных приложений: электронный курс

Podrobná bibliografie
Hlavní autor: Чернышёва Т. Ю. Татьяна Юрьевна
Korporativní autor: Национальный исследовательский Томский политехнический университет (ТПУ) Юргинский технологический институт (филиал) (ЮТИ) Кафедра информационных систем (ИС)
Shrnutí:Заглавие с экрана
Цель курса - дать комплексное изложение теоретико-методологических принципов и конкретных подходов к постановке, решению задач с помощью языка программирования. При изучении материала основное внимание уделяется модульному и визуальному программированию. Изучение дисциплины развивает способность к правильному логическому мышлению.
Доступ по логину и паролю
Jazyk:ruština
Vydáno: Томск, TPU Moodle, 2017
Témata:
On-line přístup:https://design.lms.tpu.ru/course/view.php?id=1865
Médium: Elektronický zdroj Kniha
KOHA link:https://koha.lib.tpu.ru/cgi-bin/koha/opac-detail.pl?biblionumber=665787

MARC

LEADER 00000nlm0a2200000 4500
001 665787
005 20231102030804.0
035 |a (RuTPU)RU\TPU\network\36991 
035 |a RU\TPU\network\17056 
090 |a 665787 
100 |a 20211115d2017 m y0rusy50 ca 
101 0 |a rus 
102 |a RU 
105 |a a j 000zy 
135 |a jrcn ---uucaa 
181 0 |a i  
182 0 |a b 
200 1 |a Разработка программных приложений  |e электронный курс  |f Т. Ю. Чернышёва  |g Национальный исследовательский Томский политехнический университет (ТПУ), Юргинский технологический институт (филиал) (ЮТИ), Кафедра информационных систем (ИС) 
203 |a Текст  |c электронный 
210 |a Томск  |c TPU Moodle  |d 2017 
230 |a Электрон. дан. 
300 |a Заглавие с экрана 
330 |a Цель курса - дать комплексное изложение теоретико-методологических принципов и конкретных подходов к постановке, решению задач с помощью языка программирования. При изучении материала основное внимание уделяется модульному и визуальному программированию. Изучение дисциплины развивает способность к правильному логическому мышлению. 
333 |a Доступ по логину и паролю 
606 1 |a Программирование  |2 stltpush  |3 (RuTPU)RU\TPU\subj\51780  |9 70345 
610 1 |a электронный ресурс 
610 1 |a труды учёных ТПУ 
610 1 |a электронное обучение 
610 1 |a электронные курсы ТПУ 
610 1 |a электронные учебные пособия 
610 1 |a учебные пособия 
610 1 |a дистанционное образование 
610 1 |a дистанционное обучение 
610 1 |a классы 
610 1 |a объекты 
610 1 |a объектно-ориентированное программирование 
610 1 |a компоненты 
675 |a 004.42(075.8)  |v 3 
700 1 |a Чернышёва  |b Т. Ю.  |c специалист в области информатики и вычислительной техники  |c доцент Юргинского технологического института (филиала) Томского политехнического университета, кандидат технических наук  |f 1974-  |g Татьяна Юрьевна  |2 stltpush  |3 (RuTPU)RU\TPU\pers\25981  |9 11830 
712 0 2 |a Национальный исследовательский Томский политехнический университет (ТПУ)  |b Юргинский технологический институт (филиал) (ЮТИ)  |b Кафедра информационных систем (ИС)  |h 1492  |2 stltpush  |3 (RuTPU)RU\TPU\col\18893 
801 2 |a RU  |b 63413507  |c 20220420  |g RCR 
856 4 |u https://design.lms.tpu.ru/course/view.php?id=1865 
942 |c CF